The happy lion /

Bibliographic Details
Main Author: Fatio, Louise
Format: Book
Language:English
Published: New York : McGraw-Hill, [1954]

MARC

Tag First Indicator Second Indicator Subfields
LEADER 00000cam a2200000 4500
001 in00000511657
005 20151013062303.0
008 760701s1954 nyua j 00000 eng d
010 |a  54006732  
035 |a (OCoLC)02291719 
035 |9 ACD2370AM 
040 |c AKR  |d TXA  |d UtOrBLW 
049 |a TXAM  |c [1552258] 
090 |a PZ10.3.F35  |b Hap2 
100 1 |a Fatio, Louise. 
245 1 4 |a The happy lion /  |c Pictures by Roger Duvoisin. 
264 1 |a New York :  |b McGraw-Hill,  |c [1954] 
264 4 |c [©1954] 
300 |a unpaged :  |b illustrations ;  |c 26 cm. 
336 |a text  |b txt  |2 rdacontent 
337 |a unmediated  |b n  |2 rdamedia 
338 |a sheet  |b nb  |2 rdacarrier 
999 |a MARS 
999 f f |s 109b15a9-28e1-3366-9312-e1d66c8c9987  |i bd794ad9-0762-37a7-ad55-e7f8ed9a82ff  |t 0 
952 f f |p normal  |a Texas A&M University  |b College Station  |c Sterling C. Evans Library  |d Evans: Library Stacks  |t 0  |e PZ10.3.F35 Hap2  |h Library of Congress classification  |i unmediated -- sheet  |m A14804371434 
998 f f |a PZ10.3.F35 Hap2  |t 0  |l Evans: Library Stacks